LEADER 01011nam a2200241 i 4500 001 000000157351 003 CaOOAMICUS 005 20070105000000.0 008 070105s1973 it u000 u ita u 013 $a134707 040 $aSeMil$bita 245 12$aL'opera completa del Pontormo /$cIntrodotta da scritti del pittore e coordinata da Luciano Berti. 260 $aMilano :$bRizzoli,$c1973. 300 $a111 p. :$bill. ;$c31 cm. 490 0 $aClassici dell'arte. Nuova serie ;$v66 500 $aContiene : Bibliografia essenziale. 650 4$aPontormo.$0(OLS)http://semarc/subject/23742 700 1 $aBerti, Luciano,$d<1922-2010>.$0(OLS)http://semarc/name/11518 830 0$aClassici dell'arte. Nuova serie ;$v66.$0(OLS)http://semarc/title/18471 850 $aSeMil 852 $aSeMil$W1$xVenegono$y1$m5L XI 66$j109037$B109037$CSeMilBibl$Z2$F118559 $81 996 $6245$aL'opera completa del Pontormo$9(OLS)http://semarc/title/230727 996 $6260$aMilano :$bRizzoli$9(OLS)http://semarc/publisher/29824 LEADER 01092nam a2200241 i 4500 001 000000043865 003 CaOOAMICUS 005 20090923000000.0 008 090923s1935 gw u000 u ger u 013 $a15035 040 $aSeMil$bita 100 1 $aMichels, Thomas,$c.$0(OLS)http://semarc/name/4627 245 14$aDas Heilswerk der Kirche :$bein Beitrag zu einer Theologie der Geschichte /$cThomas Michels. 260 $aSalzburg :$bPustet,$c1935. 300 $a103 p. ;$c23 cm. 490 0 $aBücherei der Salzburger Hochschulwochen ;$v5 650 4$aStoria - Teologia.$0(OLS)http://semarc/subject/7669 650 4$aTeologia della storia.$0(OLS)http://semarc/subject/9250 830 0$aBücherei der Salzburger Hochschulwochen ;$v5.$0(OLS)http://semarc/title/12391 850 $aSeMil 852 $aSeMil$W1$xVenegono$y1$m2B III 169$j10020$B10020$CSeMilBibl$Z2$F10020 $81 996 $6245$aDas Heilswerk der Kirche :$bein Beitrag zu einer Theologie der Geschichte$9(OLS)http://semarc/title/64605 996 $6260$aSalzburg :$bPustet$9(OLS)http://semarc/publisher/32555